1298 1547 1129 1572 1177 1503 1179 1858 1060 1261 1230 1256 1608 1187 1451 1942 1765 1883 1734 1210 1115 1601 1542 1724 1523 1971 1848 1379 1416 1214 1088 1617 1643 1747 1954 1287 1671 1364 1346 1816 1071 1622 1013 1375 1568 1297 1744 1509 1412 1763 1212 1434 1937 1097 1886 1152 1699 1877 1776 1142 1840 1000 1352 1970 1765 1130 1781 1862 1362 1001 1872 1205 1929 1283 1333 1049 1865 1757 1559 1982 1458 1301 1676 1957 1121 1285 1112 1563 1572 1746 1271 1077 1845 1352 1560 1726 1444 1256 1189 BCNSPRNW ULIB Ver.6.0+V

เปลี่ยนเป็นภาษาไทย

Change to English
 แสดงรายละเอียดบรรณานุกรม
  กลับหน้าหลัก

Brief Record : Get Marc (ISO 2709) : E-mail record : QR code < ปิดหน้าต่าง
LEADER : 00000nam 2200000uu 4500
001    13399126090
003     ULIB
008    180605s2560||||th 000 0 tha d
020    ^a9786164430570
060    ^aWM402^bม456ก
100    ^aมาโนช หล่อตระกูล
245    ^aการใช้ยาจิตเวชในทางคลินิก
250    ^aพิมพ์ครั้งที่ 1
260    ^aกรุงเทพฯ :^bภาควิชาจิตเวชศาสตร์ คณะแพทยศาสตร์ โรงพยาบาลรามาธิบดี มหาวิทยาลัยมหิดล,^c2560
300    ^a384 หน้า^bภาพประกอบ, ภาคผนวก
650    ^aจิตเวชศาสตร์
650    ^aยารักษาโรคทางระบบประสาทและจิต
945    ^p350^l0^i26013
945    ^p350^l0^i26014
945    ^p350^l0^i26015
945    ^p350^l0^i26016
945    ^p350^l0^i26017
945    ^p350^l0^i26018
945    ^p350^l0^i26019
945    ^p350^l0^i26020
945    ^p350^l0^i26021
945    ^p350^l0^i26022
999    ^aกัณชพร จุลอักษร
รายการนี้ยังไม่มีแท็ก
คุณยังไม่ได้ล็อกอิน คุณสามารถมีกิจกรรมร่วมกับเว็บไซต์ได้ แต่ต้องล็อกอินก่อน ::
  ล็อกอิน

รายการสื่อสารสนเทศ

ลำดับที่ ประเภท เลขเรียก/บาร์โค้ด สถานที่ สถานะ
1. หนังสือสำรอง
หนังสือสำรอง
WM402 ม456ก ฉ.1 
  Barcode: 26013
ห้องสมุดวิทยาเขตนครสวรรค์
►หนังสือทั่วไป:l:General Books
บนชั้น
2. วิทยาศาสตร์การแพทย์ และสุขภาพ
วิทยาศาสตร์การแพทย์ และสุขภาพ
WM402 ม456ก ฉ.10 
  Barcode: 26022
ห้องสมุดวิทยาเขตนครสวรรค์
►หนังสือทั่วไป:l:General Books
บนชั้น
3. วิทยาศาสตร์การแพทย์ และสุขภาพ
วิทยาศาสตร์การแพทย์ และสุขภาพ
WM402 ม456ก ฉ.2 
  Barcode: 26014
ห้องสมุดวิทยาเขตนครสวรรค์
►หนังสือทั่วไป:l:General Books
บนชั้น
4. วิทยาศาสตร์การแพทย์ และสุขภาพ
วิทยาศาสตร์การแพทย์ และสุขภาพ
WM402 ม456ก ฉ.3 
  Barcode: 26015
ห้องสมุดวิทยาเขตนครสวรรค์
►หนังสือทั่วไป:l:General Books
บนชั้น
5. วิทยาศาสตร์การแพทย์ และสุขภาพ
วิทยาศาสตร์การแพทย์ และสุขภาพ
WM402 ม456ก ฉ.4 
  Barcode: 26016
ห้องสมุดวิทยาเขตนครสวรรค์
►หนังสือทั่วไป:l:General Books
บนชั้น
6. วิทยาศาสตร์การแพทย์ และสุขภาพ
วิทยาศาสตร์การแพทย์ และสุขภาพ
WM402 ม456ก ฉ.5 
  Barcode: 26017
ห้องสมุดวิทยาเขตนครสวรรค์
►หนังสือทั่วไป:l:General Books
ถูกยืม กำหนดส่งวันที่ 20 เมษายน 2568
  จอง
7. วิทยาศาสตร์การแพทย์ และสุขภาพ
วิทยาศาสตร์การแพทย์ และสุขภาพ
WM402 ม456ก ฉ.6 
  Barcode: 26018
ห้องสมุดวิทยาเขตนครสวรรค์
►หนังสือทั่วไป:l:General Books
บนชั้น
8. วิทยาศาสตร์การแพทย์ และสุขภาพ
วิทยาศาสตร์การแพทย์ และสุขภาพ
WM402 ม456ก ฉ.7 
  Barcode: 26019
ห้องสมุดวิทยาเขตนครสวรรค์
►หนังสือทั่วไป:l:General Books
บนชั้น
9. วิทยาศาสตร์การแพทย์ และสุขภาพ
วิทยาศาสตร์การแพทย์ และสุขภาพ
WM402 ม456ก ฉ.8 
  Barcode: 26020
ห้องสมุดวิทยาเขตนครสวรรค์
►หนังสือทั่วไป:l:General Books
บนชั้น
10. วิทยาศาสตร์การแพทย์ และสุขภาพ
วิทยาศาสตร์การแพทย์ และสุขภาพ
WM402 ม456ก ฉ.9 
  Barcode: 26021
ห้องสมุดวิทยาเขตนครสวรรค์
►หนังสือทั่วไป:l:General Books
บนชั้น

รายการใกล้เคียง
    ชื่อเรื่อง [การใช้ยาจิตเวชในทางคลินิก]

    ผู้แต่ง [มาโนช หล่อตระกูล]

    หัวเรื่อง [จิตเวชศาสตร์]
    หัวเรื่อง [ยารักษาโรคทางระบบประสาทและจิต]

BibComment


ยังไม่เคยถูกคอมเมนท์

คอมเมนท์ทรัพยากรรายการนี้
  คอมเมนท์: การใช้ยาจิตเวชใน..


 Copyright 2026. Bcnsprnw @Library